LEADER 01287nam 2200385 450 001 990002903370203316 005 20070416093847.0 035 $a000290337 035 $aUSA01000290337 035 $a(ALEPH)000290337USA01 035 $a000290337 100 $a20070416d1927----km-y0itay50------ba 101 $afre 102 $aFR 105 $a||||||||001yy 200 1 $aContes et legendes mythologiques$fEmile Genest$gpreface de M. Georges Payelle 210 $aParis$cLibrairie Fernand Nathan$d[1927] 215 $a292 p., [12] c. di tav.$cill.$d18 cm 225 2 $aCollection des contes et legendes de tous les pays 300 $asul front. : accompagne d'une carte geographique de la Grece ancienne et d'un index alphabetique des noms cites avec notes explicatives 410 0$12001$aCollection des contes et legendes de tous les pays 454 1$12001 461 1$1001-------$12001 606 0 $aMitologia$xSaggi 676 $a291.13 700 1$aGENEST,$bEmile$0596679 702 1$aPAYELLE,$bGeorges 801 0$aIT$bsalbc$gISBD 912 $a990002903370203316 951 $aXV.5. 836$b197850 LM$cXV.5. 959 $aBK 969 $aFG 979 $aSENATORE$b90$c20070416$lUSA01$h0938 996 $aContes et legendes mythologiques$9989277 997 $aUNISA LEADER 02577cam0 2200361 450 001 E600200027413 005 20211005121402.0 100 $a20070604d2000 |||||ita|0103 ba 101 $ager 102 $aDE 200 1 $aSämtliche Werke. Band 1, Kants Leben und Werk, Kritik der reinen Vernunft, Kritik der praktischen Vernunft$gBand 2, Kritik der Urteilskraft, Prolegomena, Grundlegung zur Metaphysik, Metaphysik der Sitten$gBand 3, Logik (Handbuch), Anthropologie, Religion innerhalb der Grenzen der blossen Vernunft$gBand 4, Logik und Metaphysik$gBand 5, Naturphilosophie$gBand 6, Ethik und Religionsphilosophie, Vermischte Schriften 210 $as.l.$cMundus Verlag$d2000 215 $a6 v.$d18 cm 700 1$aKant$b, Immanuel$3AF00003405$4070$048116 801 0$aIT$bUNISOB$c20211005$gRICA 850 $aUNISOB 852 $aUNISOB$jFondo|Golino$m133922 852 $aUNISOB$jFondo|Golino$m133923 852 $aUNISOB$jFondo|Golino$m133924 852 $aUNISOB$jFondo|Golino$m133925 852 $aUNISOB$jFondo|Golino$m133926 852 $aUNISOB$jFondo|Golino$m133027 912 $aE600200027413 940 $aM 102 Monografia moderna SBN 941 $aM 957 $aFondo|Golino$b000219$i-1$gSi$d133922$hGolino$rdono$1beth$2UNISOB$3UNISOB$420070604091748.0$520211005102623.0$6bethb$fPer le modalità di consultazione vedi homepage della Biblioteca link Fondi 957 $aFondo|Golino$b000219$i-2$gSI$d133923$hGolino$rdono$1bethb$2UNISOB$3UNISOB$420211005102625.0$520211005102717.0$6bethb$fPer le modalità di consultazione vedi homepage della Biblioteca link Fondi 957 $aFondo|Golino$b000219$i-3$gSI$d133924$hGolino$rdono$1bethb$2UNISOB$3UNISOB$420211005102719.0$520211005110418.0$6bethb$fPer le modalità di consultazione vedi homepage della Biblioteca link Fondi 957 $aFondo|Golino$b000219$i-4$gSI$d133925$hGolino$rdono$1bethb$2UNISOB$3UNISOB$420211005120917.0$520211005121110.0$6bethb$fPer le modalità di consultazione vedi homepage della Biblioteca link Fondi 957 $aFondo|Golino$b000219$i-5$gSI$d133926$hGolino$rdono$1bethb$2UNISOB$3UNISOB$420211005121113.0$520211005121308.0$6bethb$fPer le modalità di consultazione vedi homepage della Biblioteca link Fondi 957 $aFondo|Golino$b000219$i-6$gSI$d133027$hGolino$rdono$1bethb$2UNISOB$3UNISOB$420211005121311.0$520211005121402.0$6bethb$fPer le modalità di consultazione vedi homepage della Biblioteca link Fondi 996 $aSämtliche Werke. Band 1, Kants Leben und Werk, Kritik der reinen Vernunft, Kritik der praktischen Vernunft$91686162 997 $aUNISOB